El Socio
Saved in:
| Main Author: | |
|---|---|
| Format: | Book |
| Language: | Spanish |
| Published: |
Buenos Aires
Francisco de Aguirre
1972
|
| Edition: | 1a. ed |
| Series: | Clásicos Americanos, 2
|
| Subjects: | |
| Tags: |
Add Tag
No Tags, Be the first to tag this record!
|
MARC
| LEADER | 00000nam a2200000 a 4500 | ||
|---|---|---|---|
| 001 | UCH5463 | ||
| 003 | CL-VaPUC | ||
| 008 | 091014e19720000AG |||||||||||||||||spa|d | ||
| 082 | 0 | 4 | |a Ch863 |b PRI |2 21 |
| 100 | 0 | |a Prieto, Jenaro |e author |9 371593 | |
| 245 | 1 | 3 | |a El Socio |
| 250 | |a 1a. ed | ||
| 300 | |a 236 p | ||
| 942 | |c BK | ||
| 945 | |d 20091014 00:00:00 |a ccalabra | ||
| 260 | |a Buenos Aires |b Francisco de Aguirre |c 1972 | ||
| 650 | 0 | |a Literatura |9 259151 | |
| 650 | 0 | |a Literatura chilena |9 308278 | |
| 650 | 0 | |a Novelas chilenas |9 265425 | |
| 650 | 0 | |a Cuentos chilenos |9 308280 | |
| 650 | 0 | |a Escritores chilenos |9 420370 | |
| 650 | 0 | |a Ficción |9 376687 | |
| 650 | 0 | |a Lectura |9 307634 | |
| 651 | 7 | |a CHILE |2 CL-VaPUC |9 541746 | |
| 583 | |a last modification |c 20091014 00:00:00 |k Rodrigo Vera | ||
| 490 | 0 | |a Clásicos Americanos, 2 | |
| 999 | |c 336598 |d 336596 | ||